000 00723nam a2200289Ia 4500
005 20260324124819.0
008 008 260324s9999 xx 000 0 eng d
020 _a9780203861509
037 _aEBOOK
040 _aCRL
040 _beng
040 _cCRL
041 _2eng
041 _aeng
084 _qCRL
100 _aGordon Adams; Cindy Williams
_91175590
245 0 _aBuying National Security
245 0 _bHow America Plans and Pays for Its Global Role and Safety at Home
260 _bTaylor and Francis
260 _c2010
365 _a
365 _b290
856 _uhttp://www.taylorfrancis.com/books/9780203861509
942 _cEBOOK
999 _c1770323
_d1770323